000 00477nam a2200169Ia 4500
008 230718s9999 xx 000 0 und d
020 _a9788126540365
041 _aeng
082 _a658.83
_bKOT
100 _aKotler P.
_9110892
245 _aMarket Your Way To Growth
_b8 Ways To Win
260 _c2013
_bTimes Group Books
300 _a212
365 _cRs.
_b550.00
700 _aKotler P. & Kotler M.
_9194393
906 _dO:0330612-Mar-2013B:253505-Feb-2013
_cGENRL
_b121
999 _c332095
_d332095